Ч. 4: Атомная и ядерная физика. Элементы квантовой механики; Практические занятия по физике на основе применения информационных технологий
| Parent link: | Практические занятия по физике на основе применения информационных технологий: учебное пособие/ Г. В. Ерофеева [и др.]; Томский политехнический университет (ТПУ). Ч. 4: Атомная и ядерная физика. Элементы квантовой механики.— , 2009 |
|---|---|
| Institution som forfatter: | |
| Andre forfattere: | , , , |
| Summary: | Заглавие с титульного экрана Электронная версия печатной публикации Пособие содержит теоретическую часть, тестовые задания и задачи по разделам курса общей физики "Атомная и ядерная физика. Элементы квантовой механики". Предназначено для практических занятий по физике, индивидуальной и самостоятельной работы студентов элитного технического образования, бакалавров и магистрантов технических специальностей все форм обучения Режим доступа: из корпоративной сети ТПУ |
| Sprog: | russisk |
| Udgivet: |
2012
|
| Fag: | |
| Online adgang: | http://www.lib.tpu.ru/fulltext2/m/2012/m329.pdf |
| Format: | MixedMaterials Electronisk Bog |
| KOHA link: | https://koha.lib.tpu.ru/cgi-bin/koha/opac-detail.pl?biblionumber=218177 |
MARC
| LEADER | 00000nam2a2200000 4500 | ||
|---|---|---|---|
| 001 | 218177 | ||
| 005 | 20250917071651.0 | ||
| 035 | |a (RuTPU)RU\TPU\book\238188 | ||
| 090 | |a 218177 | ||
| 100 | |a 20120615d2012 m y0rusy50 ca | ||
| 101 | 0 | |a rus | |
| 102 | |a RU | ||
| 105 | |a a j 001zy | ||
| 135 | |a drcn ---uucaa | ||
| 181 | 0 | |a i | |
| 182 | 0 | |a b | |
| 200 | 0 | |a Ч. 4: Атомная и ядерная физика. Элементы квантовой механики | |
| 203 | |a Текст |c электронный | ||
| 210 | |d 2012 | ||
| 300 | |a Заглавие с титульного экрана | ||
| 300 | |a Электронная версия печатной публикации | ||
| 330 | |a Пособие содержит теоретическую часть, тестовые задания и задачи по разделам курса общей физики "Атомная и ядерная физика. Элементы квантовой механики". Предназначено для практических занятий по физике, индивидуальной и самостоятельной работы студентов элитного технического образования, бакалавров и магистрантов технических специальностей все форм обучения | ||
| 333 | |a Режим доступа: из корпоративной сети ТПУ | ||
| 337 | |a Adobe Reader | ||
| 461 | 1 | |0 160410 |9 160410 |t Практические занятия по физике на основе применения информационных технологий |o учебное пособие |f Г. В. Ерофеева [и др.] |g Томский политехнический университет (ТПУ) |v Ч. 4: Атомная и ядерная физика. Элементы квантовой механики |d 2009 |s Учебники Томского политехнического университета | |
| 606 | 1 | |a Физика |x Задачи |x Решение на вычислительных машинах |2 stltpush |3 (RuTPU)RU\TPU\subj\63711 |9 80690 | |
| 610 | 1 | |a информационные технологии | |
| 610 | 1 | |a учебные пособия | |
| 610 | 1 | |a практические занятия | |
| 610 | 1 | |a электронный ресурс | |
| 610 | 1 | |a труды учёных ТПУ | |
| 610 | 1 | |a тепловое излучение | |
| 610 | 1 | |a фотоэффекты | |
| 610 | 1 | |a эффект Комптона | |
| 610 | 1 | |a атом водорода | |
| 610 | 1 | |a волновые свойства | |
| 610 | 1 | |a уравнения Шредингера | |
| 610 | 1 | |a квантовая механика | |
| 610 | 1 | |a атомное ядро | |
| 610 | 1 | |a элементарные частицы | |
| 675 | |a 53:681.3(076) |v 3 | ||
| 701 | 1 | |a Ерофеева |b Г. В. |c физик |c профессор Томского политехнического университета, доктор педагогических наук |f 1938- |g Галина Васильевна |9 11271 | |
| 701 | 1 | |a Крючков |b Ю. Ю. |c физик |c профессор Томского политехнического университета, доктор физико-математических наук |f 1945- |g Юрий Юрьевич |9 11694 | |
| 701 | 1 | |a Склярова |b Е. А. |c физик |c доцент Томского политехнического университета, кандидат педагогических наук |f 1972- |g Елена Александровна |9 10826 | |
| 701 | 1 | |a Чернов |b И. П. |c физик |c профессор Томского политехнического университета, доктор физико-математических наук |f 1935-2025 |g Иван Петрович |x TPU |y Томск |9 3694 | |
| 712 | 0 | 2 | |a Национальный исследовательский Томский политехнический университет |c (2009- ) |9 26305 |
| 801 | 2 | |a RU |b 63413507 |c 20151127 |g RCR | |
| 850 | |a 63413507 | ||
| 856 | 4 | |u http://www.lib.tpu.ru/fulltext2/m/2012/m329.pdf | |
| 942 | |c CF | ||